000
00325 a2200157 4500
001
176583
020
_a
040
_c
Magnum
100
_a
Cerqueira, Rui
240
1
0
_a
Anfibio e repteis
_l
por
245
1
0
_a
Anfibio e repteis
362
0
_a
1899
440
1
_a
Salamandra
697
_a
MAGNITO: SERES VIVOS
942
_c
BK
999
_c
176583
_d
176583